000 00649nam a2200229Ia 4500
001 16881
003 GE_BSU
008 181216s||||||||xx |||||||||||||| ||und||
040 _cGE_BSU
080 _a821.353.1-32
100 _aგეგეშიძე, გურამ
245 _aაპრილი
245 _bმოთხრობები
245 _cრედ.ე.ფალიანი
260 _aთბილისი
260 _bსაბჭ. საქართველო
260 _c1985
300 _a381გვ. ; 21სმ.
653 _aაპრილი
653 _aმოთხრობები
942 _cBK
999 _c49945
_d49945